[Event "Bodensee Seniors op"]
[Site "Bregenz"]
[Date "2025.05.28"]
[Round "4"]
[White "Puschendorf, Steffen"]
[Black "Goris Schouwstra, Adry"]
[Result "1-0"]
[WhiteElo "1998"]
[BlackElo "1803"]
[PlyCount "57"]
[EventDate "2025.05.25"]
[EventType "swiss"]
[EventRounds "7"]
[EventCountry "AUT"]
[SourceTitle "CB29_2025"]
[SourceDate "2025.07.16"]
[SourceVersion "1"]
[SourceVersionDate "2025.07.16"]
[SourceQuality "1"]

1. d4 d5 2. c4 c6 3. Nf3 Nf6 4. Qc2 dxc4 5. Qxc4 Qd5 6. e3 Be6 7. Qc2 Nbd7 8. Nc3 Qa5 9. Bd2 Qd8 10. h3 g6 11. Ng5 Bg7 12. Nxe6 fxe6 13. Bc4 Nf8 14. 0-0 Nd5 15. Qb3 Qd7 16. Rfd1 a6 17. a4 Rd8 18. Ne4 b5 19. axb5 axb5 20. Be2 Nb6 21. Nc5 Qd5 22. Qc2 Kf7 23. Bf3 Qc4 24. Qb1 b4 25. Rc1 Qb5 26. Nb7 Ra8 27. Rxa8 Nxa8 28. Nd8+ Kg8 29. Nxc6 1-0

[Event "Rheinland Pfalz Seniors op 20th"]
[Site "Altenkirchen"]
[Date "2023.09.07"]
[Round "3"]
[White "Goris Schouwstra, Adry"]
[Black "Meyer, Dieter"]
[Result "1/2-1/2"]
[WhiteElo "1715"]
[BlackElo "1873"]
[PlyCount "99"]
[EventDate "2023.09.05"]
[EventType "swiss"]
[EventRounds "9"]
[EventCountry "GER"]
[SourceTitle "CBM 216 Extra"]
[Source "ChessBase"]
[SourceDate "2023.11.30"]
[SourceVersion "1"]
[SourceVersionDate "2023.11.30"]
[SourceQuality "1"]

1. d4 d5 2. Nf3 Nf6 3. e3 Bg4 4. Be2 e6 5. Ne5 Bxe2 6. Qxe2 a6 7. 0-0 Bd6 8. Nf3 0-0 9. Nbd2 c5 10. dxc5 Bxc5 11. Nb3 Ba7 12. c4 dxc4 13. Qxc4 Nc6 14. Qe2 Qe7 15. e4 h6 16. Be3 Bxe3 17. Qxe3 Qb4 18. Rfe1 Rfd8 19. h3 Rac8 20. a3 Qb5 21. Rad1 a5 22. Rxd8+ Rxd8 23. Nfd4 Nxd4 24. Nxd4 Qxb2 25. Nf3 Qb5 26. Qc3 a4 27. Qc7 Qd7 28. Qc2 Rc8 29. Qb2 Qc6 30. e5 Nd5 31. Rb1 b6 32. Qd4 Qc3 33. Qxa4 Qd3 34. Rd1 Qc3 35. Rb1 Qc5 36. Qb3 Ra8 37. a4 Qa5 38. Ra1 b5 39. Nd4 bxa4 40. Qc4 a3 41. Nc2 a2 42. Qb3 Qc3 43. Qxc3 Nxc3 44. Kf1 Rb8 45. Ke1 Rb1+ 46. Kd2 Ne4+ 47. Ke3 Nxf2 48. Rxa2 Rb2 49. Ra8+ Kh7 50. Rc8 1/2-1/2

[Event "Guernsey op 44th"]
[Site "Vale"]
[Date "2018.10.25"]
[Round "5"]
[White "Goris Schouwstra, Adry"]
[Black "Beadle, John R"]
[Result "0-1"]
[WhiteElo "1697"]
[BlackElo "1565"]
[PlyCount "90"]
[EventDate "2018.10.21"]
[EventType "swiss"]
[EventRounds "7"]
[EventCountry "GCI"]
[SourceTitle "EXT 2021"]
[Source "ChessBase"]
[SourceDate "2020.10.23"]
[SourceVersion "1"]
[SourceVersionDate "2020.10.23"]
[SourceQuality "1"]

1. d4 Nf6 2. Nf3 d6 3. e3 Bf5 4. Bd3 Bxd3 5. Qxd3 Nbd7 6. 0-0 g6 7. c4 c5 8. Nc3 Bg7 9. d5 0-0 10. e4 Ng4 11. Rb1 b6 12. h3 Nge5 13. Nxe5 Nxe5 14. Qe2 f5 15. f4 Nd7 16. exf5 Rxf5 17. Ne4 h6 18. Bd2 Qf8 19. Ng3 Rf7 20. Qd3 Bd4+ 21. Kh1 Qg7 22. Rf3 Bxb2 23. Nh5 Qd4 24. Qxg6+ Kf8 25. Qxh6+ Ke8 26. Be3 Qc3 27. Rbf1 Qxc4 28. R1f2 Ba1 29. Rd2 Qe4 30. Rg3 Nf8 31. Rd1 Bb2 32. Bf2 Kd7 33. Qg5 Nh7 34. Qg4+ Qf5 35. Qe2 Bf6 36. Re3 a6 37. g4 Qg6 38. Re6 b5 39. g5 Rg8 40. Rg1 Qf5 41. Kh2 Bxg5 42. Rg4 Qxd5 43. Rxg5 Rxg5 44. Ng3 Rxg3 45. Bxg3 Qxe6 0-1

[Event "Guernsey Holiday op 43rd"]
[Site "Guernsey"]
[Date "2017.10.20"]
[Round "6"]
[White "Goris Schouwstra, Adry"]
[Black "Finch, Russell"]
[Result "1/2-1/2"]
[WhiteElo "1754"]
[BlackElo "1689"]
[PlyCount "57"]
[EventDate "2017.10.15"]
[EventType "swiss"]
[EventRounds "7"]
[EventCountry "GCI"]
[SourceTitle "EXT 2020"]
[Source "ChessBase"]
[SourceDate "2019.10.17"]
[SourceVersion "1"]
[SourceVersionDate "2019.10.17"]
[SourceQuality "1"]

1. d4 Nf6 2. Nf3 d5 3. e3 c6 4. Be2 e6 5. 0-0 Nbd7 6. Nbd2 Bd6 7. c4 0-0 8. a3 Qe7 9. Qc2 Re8 10. h3 e5 11. dxe5 Nxe5 12. cxd5 Nxd5 13. Nc4 Nxc4 14. Bxc4 Be6 15. Bd3 h6 16. Bd2 Qf6 17. Be2 Bf5 18. Bd3 Bxh3 19. Ne1 Qg5 20. f4 Nxf4 21. exf4 Bc5+ 22. Kh1 Bxg2+ 23. Nxg2 Qh5+ 24. Nh4 Qxh4+ 25. Kg2 Qg4+ 26. Kh2 Qh5+ 27. Kg2 Qg4+ 28. Kh2 Qh5+ 29. Kg2 1/2-1/2

[Event "Guernsey Holiday op 43rd"]
[Site "Guernsey"]
[Date "2017.10.18"]
[Round "4"]
[White "Remie, Peter"]
[Black "Goris Schouwstra, Adry"]
[Result "1-0"]
[WhiteElo "1689"]
[BlackElo "1754"]
[PlyCount "97"]
[EventDate "2017.10.15"]
[EventType "swiss"]
[EventRounds "7"]
[EventCountry "GCI"]
[SourceTitle "EXT 2020"]
[Source "ChessBase"]
[SourceDate "2019.10.17"]
[SourceVersion "1"]
[SourceVersionDate "2019.10.17"]
[SourceQuality "1"]

1. d4 d5 2. c4 e6 3. Nf3 Nf6 4. Bg5 Be7 5. e3 h6 6. Bh4 0-0 7. Nc3 c6 8. Qc2 Nbd7 9. Bd3 dxc4 10. Bxc4 Nb6 11. Bb3 Nbd5 12. Bxd5 exd5 13. h3 Ne4 14. Bxe7 Qxe7 15. Nxe4 dxe4 16. Ne5 Qb4+ 17. Qc3 Qe7 18. Qc2 Be6 19. 0-0 Bd5 20. b3 Qe6 21. Nc4 f5 22. Ne5 Rac8 23. Qd2 b6 24. Rac1 Rc7 25. f4 exf3 26. Nxf3 g5 27. Ne5 Rg7 28. Qe2 Qe8 29. g4 fxg4 30. hxg4 Be4 31. Rxf8+ Kxf8 32. Qf2+ Ke7 33. Rf1 Kd8 34. Qf6+ Qe7 35. Qxc6 Bxc6 36. Nxc6+ Ke8 37. Nxe7 Kxe7 38. Rf5 Rg6 39. d5 Rd6 40. Kf2 Rd8 41. e4 Rc8 42. Re5+ Kd7 43. Re6 Rf8+ 44. Ke3 Rf4 45. Rxh6 Rxg4 46. Rh7+ Kd6 47. Rxa7 Rh4 48. Rg7 Rg4 49. Rg6+ 1-0

[Event "Bodensee Seniors op 3rd"]
[Site "Bregenz"]
[Date "2017.05.22"]
[Round "3"]
[White "Ciuro Munoz, Ricardo"]
[Black "Goris Schouwstra, Adry"]
[Result "1-0"]
[WhiteElo "2007"]
[BlackElo "1773"]
[PlyCount "75"]
[EventDate "2017.05.20"]
[EventType "swiss"]
[EventRounds "9"]
[EventCountry "AUT"]
[SourceTitle "CBM 178 Extra"]
[Source "ChessBase"]
[SourceDate "2017.06.22"]
[SourceVersion "1"]
[SourceVersionDate "2017.06.22"]
[SourceQuality "1"]

1. d4 d5 2. Nf3 Nf6 3. Bf4 Nbd7 4. e3 e6 5. Nbd2 c5 6. c3 Be7 7. h3 h6 8. Bd3 b6 9. Bb5 Bb7 10. Ne5 a6 11. Bd3 c4 12. Bc2 b5 13. 0-0 Nxe5 14. Bxe5 Bd6 15. f4 Bxe5 16. fxe5 Nd7 17. Qe2 Qe7 18. e4 Nf8 19. Rf2 Nh7 20. exd5 Bxd5 21. Bxh7 Rxh7 22. Ne4 Kd7 23. a4 Rhh8 24. Nc5+ Kc6 25. Qf1 Rhf8 26. axb5+ Kxb5 27. Qd1 a5 28. Qa4+ Kb6 29. Nd7+ Kc7 30. Nxf8 Qxf8 31. Raf1 f5 32. exf6 gxf6 33. Rxf6 Qg8 34. R1f2 Kb6 35. Qa3 Rc8 36. Qd6+ Kb5 37. Qd7+ Kb6 38. Qxd5 1-0

[Event "Guernsey Holiday op 42nd"]
[Site "Guernsey"]
[Date "2016.10.20"]
[Round "5"]
[White "Goris Schouwstra, Adry"]
[Black "Gunn, Michael J"]
[Result "1/2-1/2"]
[WhiteElo "1796"]
[BlackElo "1649"]
[PlyCount "34"]
[EventDate "2016.10.16"]
[EventType "swiss"]
[EventRounds "7"]
[EventCountry "GCI"]
[SourceTitle "EXT 2022"]
[Source "ChessBase"]
[SourceDate "2021.10.06"]
[SourceVersion "1"]
[SourceVersionDate "2021.10.06"]
[SourceQuality "1"]

1. d4 Nf6 2. Nf3 e6 3. e3 b6 4. Be2 Bb7 5. 0-0 d5 6. Nbd2 Bd6 7. c4 0-0 8. a3 a5 9. b3 Nbd7 10. Bb2 Ne4 11. Nxe4 dxe4 12. Ne1 f5 13. f4 exf3 14. Nxf3 Nf6 15. Ne5 Bxe5 16. dxe5 Ne4 17. Bf3 Qg5 1/2-1/2

[Event "Guernsey Holiday op 42nd"]
[Site "Guernsey"]
[Date "2016.10.18"]
[Round "3"]
[White "Goris Schouwstra, Adry"]
[Black "Kirkwood, Robin"]
[Result "1/2-1/2"]
[WhiteElo "1796"]
[BlackElo "1646"]
[PlyCount "61"]
[EventDate "2016.10.16"]
[EventType "swiss"]
[EventRounds "7"]
[EventCountry "GCI"]
[SourceTitle "EXT 2022"]
[Source "ChessBase"]
[SourceDate "2021.10.06"]
[SourceVersion "1"]
[SourceVersionDate "2021.10.06"]
[SourceQuality "1"]

1. d4 b6 2. Nf3 Bb7 3. e3 e6 4. Be2 f5 5. 0-0 Nf6 6. c4 Be7 7. Nc3 0-0 8. d5 exd5 9. cxd5 Ba6 10. a3 Bxe2 11. Qxe2 Ne8 12. Rd1 Bf6 13. Qd3 d6 14. Nd4 Bxd4 15. Qxd4 Qf6 16. Qc4 Nd7 17. f4 Qd8 18. b4 a6 19. Bb2 b5 20. Qd3 Nb6 21. Ne2 Nf6 22. Nd4 Qd7 23. Nxf5 Nbxd5 24. Ng3 Rae8 25. Bxf6 Nxf6 26. e4 Qf7 27. Rac1 Re7 28. Rc6 Ng4 29. Rxa6 Qxf4 30. Rf1 Qe3+ 31. Qxe3 1/2-1/2

[Event "Rheinland Pfalz op Seniors 14th"]
[Site "Neustadt an der Weinstrasse"]
[Date "2016.07.23"]
[Round "8"]
[White "Goris Schouwstra, Adry"]
[Black "Jovi, Klaus"]
[Result "0-1"]
[WhiteElo "1820"]
[BlackElo "1592"]
[PlyCount "108"]
[EventDate "2016.07.16"]
[EventType "swiss"]
[EventRounds "9"]
[EventCountry "GER"]
[SourceTitle "EXT 2019"]
[Source "ChessBase"]
[SourceDate "2018.10.10"]
[SourceVersion "1"]
[SourceVersionDate "2018.10.10"]
[SourceQuality "1"]

1. d4 Nf6 2. Nf3 e6 3. e3 c5 4. c3 cxd4 5. exd4 Nc6 6. Nbd2 d5 7. Be2 Be7 8. 0-0 a6 9. h3 b5 10. a3 h6 11. Bd3 0-0 12. Re1 Bd6 13. Ne5 Bxe5 14. dxe5 Nd7 15. f4 f6 16. Nf3 fxe5 17. fxe5 Qc7 18. Qe2 Ne7 19. Nd4 Nc5 20. Bc2 Bd7 21. Bd2 Nb7 22. Kh1 Nd8 23. Qg4 Nf5 24. Rac1 Nf7 25. Bf4 Nxd4 26. cxd4 Qd8 27. Qg6 Ng5 28. Rf1 Be8 29. Qd3 Ne4 30. Qe2 Rxf4 31. Bxe4 Rxe4 32. Qf3 Qe7 33. Qg3 Qg5 34. Qc3 Bg6 35. Qc6 Re8 36. Qxa6 Rxd4 37. Qxb5 Qxe5 38. Qc5 Rd2 39. b4 Be4 40. Rf2 Rxf2 41. Qxf2 Qg5 42. Rf1 Qh5 43. Qg3 Qe2 44. Rf2 Qd1+ 45. Kh2 Qd3 46. Qf4 Bf5 47. g4 Bg6 48. a4 Qe4 49. Qd2 Rb8 50. Rf4 Qe5 51. Kg1 Qa1+ 52. Kh2 Qxa4 53. Qe3 Qd7 54. Qf2 Qd6 0-1

[Event "Rheinland Pfalz op Seniors 14th"]
[Site "Neustadt an der Weinstrasse"]
[Date "2016.07.18"]
[Round "3"]
[White "Schmidt Hieber, Michael"]
[Black "Goris Schouwstra, Adry"]
[Result "0-1"]
[WhiteElo "1782"]
[BlackElo "1820"]
[PlyCount "26"]
[EventDate "2016.07.16"]
[EventType "swiss"]
[EventRounds "9"]
[EventCountry "GER"]
[SourceTitle "EXT 2019"]
[Source "ChessBase"]
[SourceDate "2018.10.10"]
[SourceVersion "1"]
[SourceVersionDate "2018.10.10"]
[SourceQuality "1"]

1. e4 e6 2. d4 d5 3. exd5 exd5 4. Bd3 Bd6 5. Nc3 c6 6. h3 Ne7 7. Nf3 a6 8. Be3 Bf5 9. a3 Bxd3 10. Qxd3 0-0 11. g4 f5 12. gxf5 Nxf5 13. 0-0-0 Nxe3 0-1

[Event "Rheinland Pfalz op Seniors 14th"]
[Site "Neustadt an der Weinstrasse"]
[Date "2016.07.17"]
[Round "2"]
[White "Goris Schouwstra, Adry"]
[Black "Selig, Rainer"]
[Result "0-1"]
[WhiteElo "1820"]
[BlackElo "2135"]
[PlyCount "152"]
[EventDate "2016.07.16"]
[EventType "swiss"]
[EventRounds "9"]
[EventCountry "GER"]
[SourceTitle "EXT 2019"]
[Source "ChessBase"]
[SourceDate "2018.10.10"]
[SourceVersion "1"]
[SourceVersionDate "2018.10.10"]
[SourceQuality "1"]

1. d4 d5 2. Nf3 Nf6 3. e3 Bg4 4. Be2 e6 5. Nbd2 c5 6. h3 Bh5 7. c4 Nbd7 8. cxd5 Nxd5 9. 0-0 Be7 10. Nc4 cxd4 11. Nxd4 Bxe2 12. Qxe2 0-0 13. e4 N5b6 14. Nxb6 Nxb6 15. Be3 Qc7 16. Rac1 Qe5 17. Qd3 Rfd8 18. f4 Qa5 19. a3 Rd7 20. b4 Qa4 21. Qc3 Rad8 22. Rfd1 Bf6 23. Bf2 e5 24. fxe5 Bxe5 25. Rd3 Rd6 26. Rcd1 Qd7 27. Qc5 Bf6 28. b5 Rc8 29. Qf5 g6 30. Qxd7 Nxd7 31. Nf3 Rxd3 32. Rxd3 Nc5 33. Bxc5 Rxc5 34. a4 Rc4 35. e5 Be7 36. Rd7 Kf8 37. Rxb7 Rxa4 38. Kh2 h6 39. Rb8+ Kg7 40. b6 axb6 41. Rxb6 Re4 42. Rb5 Ba3 43. Rb1 Re2 44. Re1 Rxe1 45. Nxe1 Kf8 46. Nd3 Ke7 47. Kg3 Ke6 48. Kf3 Kd5 49. Ke3 Be7 50. g3 Bg5+ 51. Ke2 Ke4 52. h4 Bd8 53. Nf2+ Kf5 54. Kf3 h5 55. Ne4 Kxe5 56. Nf2 Kf5 57. Ne4 Be7 58. Nf2 Ke5 59. Nd3+ Kd4 60. Nf4 Bd6 61. Ne2+ Kd3 62. Ng1 Bc5 63. Nh3 Be3 64. g4 hxg4+ 65. Kxg4 Ke4 66. Kg3 f5 67. Kg2 Bb6 68. Ng5+ Kf4 69. Kh3 Ke3 70. Kg2 Bd8 71. Nf3 Kf4 72. h5 g5 73. h6 Bf6 74. h7 g4 75. Nd2 Kg5 76. Ne4+ fxe4 0-1

[Event "Guernsey Holiday op 41st"]
[Site "Guernsey"]
[Date "2015.10.21"]
[Round "4"]
[White "Goris Schouwstra, Adry"]
[Black "Kirk, Matthew"]
[Result "1/2-1/2"]
[WhiteElo "1835"]
[BlackElo "1749"]
[PlyCount "76"]
[EventDate "2015.10.18"]
[EventType "swiss"]
[EventRounds "7"]
[EventCountry "GCI"]
[SourceTitle "EXT 2022"]
[Source "ChessBase"]
[SourceDate "2021.10.06"]
[SourceVersion "1"]
[SourceVersionDate "2021.10.06"]
[SourceQuality "1"]

1. d4 d5 2. Nf3 Nf6 3. e3 c6 4. Be2 Bf5 5. 0-0 e6 6. c4 Nbd7 7. Nc3 Qc7 8. b3 Bb4 9. Bb2 h6 10. Rc1 0-0 11. a3 Bxc3 12. Bxc3 a5 13. Ne5 dxc4 14. Nxc4 Rfd8 15. Qe1 b6 16. h3 Rac8 17. Bf3 Bd3 18. Be2 Bxe2 19. Qxe2 Ne4 20. Bb2 b5 21. Nd2 Nxd2 22. Qxd2 Nf6 23. Qc2 Qb6 24. Rfd1 c5 25. dxc5 Rxd1+ 26. Qxd1 Rxc5 27. Bd4 Rxc1 28. Qxc1 Qb7 29. Bxf6 gxf6 30. Qc3 Kg7 31. Qxa5 Qd5 32. Qb4 Qe5 33. Qg4+ Kh7 34. Qd4 Qf5 35. e4 Qf4 36. Qb4 Qc1+ 37. Kh2 Qf4+ 38. Kg1 Qc1+ 1/2-1/2

[Event "Guernsey Holiday op 41st"]
[Site "Guernsey"]
[Date "2015.10.19"]
[Round "2"]
[White "Goris Schouwstra, Adry"]
[Black "Jones, Tim"]
[Result "1-0"]
[WhiteElo "1835"]
[BlackElo "1518"]
[PlyCount "95"]
[EventDate "2015.10.18"]
[EventType "swiss"]
[EventRounds "7"]
[EventCountry "GCI"]
[SourceTitle "EXT 2022"]
[Source "ChessBase"]
[SourceDate "2021.10.06"]
[SourceVersion "1"]
[SourceVersionDate "2021.10.06"]
[SourceQuality "1"]

1. d4 d5 2. Nf3 e6 3. e3 Nf6 4. Nbd2 Bd6 5. c4 c6 6. Bd3 Nbd7 7. 0-0 b6 8. cxd5 exd5 9. Qc2 c5 10. b3 cxd4 11. Nxd4 Bb7 12. Bb2 Rc8 13. Qd1 0-0 14. Nf5 Bb4 15. Rc1 Re8 16. a3 Be7 17. Nxe7+ Qxe7 18. Nf3 h6 19. b4 a6 20. Qe2 b5 21. Bd4 Ne4 22. Qb2 Ndf6 23. h3 Rxc1 24. Rxc1 Rc8 25. Rc2 Rxc2 26. Qxc2 Qd8 27. a4 bxa4 28. Qxa4 Qd7 29. Qa1 Qe6 30. Ne5 Qd6 31. Qb2 Qd8 32. f3 Nd6 33. Qc2 Qc8 34. Qxc8+ Bxc8 35. Nc6 Bb7 36. Na5 Bc8 37. Bxf6 gxf6 38. Nb3 Nc4 39. Kf2 Kg7 40. Nc5 f5 41. e4 fxe4 42. fxe4 Nb6 43. exd5 Nxd5 44. Bxa6 Nb6 45. Bxc8 Nxc8 46. Ke3 Kf6 47. Kf4 Nd6 48. Ne4+ 1-0

[Event "Guernsey op 40th"]
[Site "Vale"]
[Date "2014.10.23"]
[Round "5"]
[White "Goris Schouwstra, Adry"]
[Black "Kirkwood, Robin"]
[Result "1/2-1/2"]
[WhiteElo "1885"]
[BlackElo "2046"]
[PlyCount "41"]
[EventDate "2014.10.19"]
[EventType "swiss"]
[EventRounds "7"]
[EventCountry "GCI"]
[SourceTitle "EXT 2016"]
[Source "ChessBase"]
[SourceDate "2015.10.08"]
[SourceVersion "1"]
[SourceVersionDate "2015.10.08"]
[SourceQuality "1"]

1. d4 d6 2. Nf3 Bg4 3. Nbd2 Nf6 4. c4 Nbd7 5. h3 Bh5 6. e3 e5 7. Qc2 c6 8. Be2 Be7 9. 0-0 0-0 10. Re1 Re8 11. b3 Bf8 12. dxe5 dxe5 13. e4 a5 14. Bb2 Qb6 15. Rad1 Bc5 16. Rf1 Nf8 17. Nb1 Bg6 18. Bd3 N6d7 19. Nh4 f6 20. Nxg6 Nxg6 21. g3 1/2-1/2

[Event "Rheinland Pfalz op Seniors 12th"]
[Site "Neustadt an der Weinstrasse"]
[Date "2014.07.14"]
[Round "2"]
[White "Kelchner, Hans"]
[Black "Goris Schouwstra, Adry"]
[Result "1-0"]
[WhiteElo "2176"]
[BlackElo "1888"]
[PlyCount "125"]
[EventDate "2014.07.12"]
[EventType "swiss"]
[EventRounds "7"]
[EventCountry "GER"]
[SourceTitle "EXT 2019"]
[Source "ChessBase"]
[SourceDate "2018.10.10"]
[SourceVersion "1"]
[SourceVersionDate "2018.10.10"]
[SourceQuality "1"]

1. d4 d5 2. Bf4 c6 3. c4 e6 4. Nc3 Nf6 5. e3 Bd6 6. Bg3 Bxg3 7. hxg3 dxc4 8. Bxc4 b5 9. Bd3 b4 10. Na4 Ba6 11. Nc5 Bxd3 12. Qxd3 Nbd7 13. Qc4 Qb6 14. Rc1 Rc8 15. g4 Nxc5 16. dxc5 Qb5 17. g5 Qxc4 18. Rxc4 Nd7 19. Nf3 a5 20. Ke2 Ke7 21. Nd4 Ne5 22. Rcc1 Nd7 23. f4 g6 24. Nf3 Rc7 25. Kd3 Rd8 26. Kc4 Nf8 27. Rcd1 Rxd1 28. Rxd1 Nd7 29. Rh1 Nf8 30. Ne5 Nd7 31. Nf3 Nf8 32. Nd4 Rc8 33. Nb3 Ra8 34. Rd1 Nd7 35. Rd6 Ra6 36. Nd4 Nb8 37. g4 Ke8 38. Nf3 Ra7 39. Kd4 Rc7 40. Ne5 Ke7 41. Kc4 Ke8 42. Kb3 Na6 43. Kc4 Nb8 44. e4 Ke7 45. Kd4 Ke8 46. f5 exf5 47. gxf5 Rc8 48. Nc4 Rc7 49. Nxa5 Ra7 50. Nxc6 Nxc6+ 51. Rxc6 Rxa2 52. b3 Rd2+ 53. Ke5 Rd3 54. Rb6 Rxb3 55. c6 Kd8 56. Rb7 Rc3 57. Rxb4 Rxc6 58. Rb8+ Kc7 59. Rf8 gxf5 60. exf5 Rc5+ 61. Kf6 Rc6+ 62. Kg7 Kd6 63. Rxf7 1-0

[Event "Bad Woerishofen Seniors op 30th"]
[Site "Bad Woerishofen"]
[Date "2014.03.28"]
[Round "8"]
[White "Braeu, Ludwig"]
[Black "Goris Schouwstra, Adry"]
[Result "1-0"]
[WhiteElo "1958"]
[BlackElo "1886"]
[PlyCount "103"]
[EventDate "2014.03.21"]
[EventType "swiss"]
[EventRounds "9"]
[EventCountry "GER"]
[SourceTitle "EXT 2019"]
[Source "ChessBase"]
[SourceDate "2018.10.10"]
[SourceVersion "1"]
[SourceVersionDate "2018.10.10"]
[SourceQuality "1"]

1. c4 c5 2. g3 Nc6 3. Bg2 Qc7 4. Nc3 Nf6 5. e4 d6 6. Nge2 e5 7. 0-0 a6 8. d3 Be7 9. h3 Be6 10. f4 exf4 11. Bxf4 0-0 12. Kh2 Ne5 13. b3 Ng6 14. Be3 Rad8 15. d4 cxd4 16. Qxd4 h6 17. Rae1 Nd7 18. Qd2 Kh7 19. Nd4 Bf6 20. Nf5 Be5 21. Nd5 Qb8 22. Bf3 Nh8 23. Kg2 Nf6 24. Nxg7 Nxd5 25. exd5 Bxh3+ 26. Kxh3 Bxg7 27. Be4+ Ng6 28. Bd4 Qc7 29. Bf6 Rde8 30. Qd3 Rg8 31. Re2 Bxf6 32. Rxf6 Kg7 33. Bxg6 Kxf6 34. Rf2+ Kg7 35. Rxf7+ Qxf7 36. Bxf7 Kxf7 37. Qf5+ Kg7 38. Qd7+ Kh8 39. Qxd6 Kh7 40. Qd7+ Kh8 41. d6 Re3 42. Qf7 Rexg3+ 43. Kh4 Rg2 44. Qf4 R8g7 45. c5 h5 46. Kh3 Rg1 47. Qf3 h4 48. Qh5+ Kg8 49. Qe8+ Kh7 50. Qh5+ Kg8 51. Qd5+ Kh7 52. d7 1-0

[Event "Guernsey op 38th"]
[Site "Guernsey"]
[Date "2012.10.22"]
[Round "2"]
[White "Heppell, Ian"]
[Black "Goris Schouwstra, Adry"]
[Result "1/2-1/2"]
[WhiteElo "2118"]
[BlackElo "1929"]
[PlyCount "107"]
[EventDate "2012.10.21"]
[EventType "swiss"]
[EventRounds "7"]
[EventCountry "GCI"]
[SourceTitle "EXT 2013"]
[Source "ChessBase"]
[SourceDate "2012.11.22"]
[SourceVersion "1"]
[SourceVersionDate "2012.11.22"]
[SourceQuality "1"]

1. e4 e6 2. Nc3 d5 3. Nf3 d4 4. Ne2 c5 5. Ng3 Nc6 6. Bc4 Na5 7. Be2 g6 8. h4 h5 9. d3 Bd7 10. Bg5 f6 11. Bd2 e5 12. c3 a6 13. cxd4 cxd4 14. Rc1 Qb6 15. 0-0 Bd6 16. Nh2 Ne7 17. f4 Nac6 18. f5 gxf5 19. Bxh5+ Kd8 20. exf5 Nd5 21. Qf3 Ne3 22. Rfe1 Nb4 23. Rxe3 dxe3 24. Bxe3 Qb5 25. Ne4 Be7 26. Bf7 Bc6 27. Bc4 Qa5 28. a3 Bxe4 29. Qxe4 Nc6 30. b4 Qxa3 31. Bb6+ Ke8 32. Rb1 Bxb4 33. Qd5 Rf8 34. Nf3 Be7 35. h5 Qd6 36. Qe4 Nd4 37. Nxd4 exd4 38. Qxb7 Rb8 39. Qxa6 Rh8 40. Re1 Kf8 41. Qa7 Rxb6 42. Qa8+ Rb8 43. Qf3 Qb4 44. Qe2 Rb6 45. Ra1 Qd6 46. Qg4 Qb8 47. Qg6 Rb1+ 48. Rxb1 Qxb1+ 49. Kh2 Bd6+ 50. g3 Bxg3+ 51. Kxg3 Qg1+ 52. Kf3 Qxg6 53. hxg6 Rh4 54. Kg3 1/2-1/2